01813nam a2200217 4500001000800000007000300008008004100011040000800052041000800060100003600068245016500104300002000269520098700289650002301276650005301299650003501352650002601387700003501413700003901448773010801487ESSALUDta t2026 pe ||||| |||| 00| 0 spa d aBMG aspa aPérez Cuello, Mónicaeautor aMediastinoscopía modificada con óptica de toracoscopía para el estadiaje invasivo del cáncer de pulmón no microcítico en un hospital de Lima, Perú apáginas 58-62 aEn centros donde no se dispone de videomediastinoscopia (VAM) ni ultrasonido endobronquial (EBUS), la cirugía es esencial para el diagnóstico y estadiaje de Cáncer de pulmón no microcítico (CPNM). Experiencia inicial con mediastinoscopia modificada con óptica de toracoscopia (MMOT) y sus resultados en el estadiaje invasivo del CPNM. Se reporta una serie de seis casos con diagnóstico de CPNM estadio clínico IIb- IIIb sometidos a MMOT en el Hospital Nacional Guillermo Almenara Irigoyen (HNGAI) entre marzo y junio del 2025. Se describe la técnica quirúrgica, características clínicas, hallazgos quirúrgicos y resultados inmediatos. La técnica permitió un adecuado acceso y visualización de las estaciones ganglionares 2R , 4R, 4L y 7 en todos los casos sin registrarse complicaciones en el postoperatorio. Conclusión: la MMOT es una alternativa segura y factible para estadiaje invasivo del mediastino en CPNM en centros sin acceso a VAM o EBUS. aMEDIASTINOSCOPÍA aCARCINOMA DE PULMÓN DE CÉLULAS NO PEQUEÑAS aESTADIFICACIÓN DE NEOPLASIAS aNEOPLASIAS PULMONARES aPalacios León, Joséeautor aTaipe Mallqui, Ricardo Luiseautor0 022497dLima : IETSIoCITES01tCiencia y Tecnología aplicada a la Salud PúblicawESSALUDx3119-7981